most-streamed artists - Statistics

General Stats
  • This quiz has been taken 53 times
  • The average score is 7 of 15
Answer Stats
nr Hint Answer % Correct
5. ๐Ÿ‡บ๐Ÿ‡ธ Taylor Swift
85%
9. ๐Ÿ‡จ๐Ÿ‡ฆ Justin Bieber
77%
14. ๐Ÿ‡จ๐Ÿ‡ฆ Drake
73%
2. ๐Ÿ‡จ๐Ÿ‡ฆ The Weeknd
69%
10. ๐Ÿ‡ฌ๐Ÿ‡ง Ed Sheeran
63%
8. ๐Ÿ‡ง๐Ÿ‡ง Rihanna
54%
12. ๐Ÿ‡บ๐Ÿ‡ธ Eminem
48%
1. ๐Ÿ‡บ๐Ÿ‡ธ Bruno Mars
38%
7. ๐Ÿ‡บ๐Ÿ‡ธ Ariana Grande
35%
11. ๐Ÿ‡บ๐Ÿ‡ธ Sabrina Carpenter
33%
3. ๐Ÿ‡บ๐Ÿ‡ธ Lady Gaga
31%
4. ๐Ÿ‡บ๐Ÿ‡ธ Billie Ellish
21%
6. ๐Ÿ‡ฌ๐Ÿ‡ง Coldplay
21%
15. ๐Ÿ‡บ๐Ÿ‡ธ Post Malone
15%
13. ๐Ÿ‡ซ๐Ÿ‡ท David Guetta
10%
No matching quizzes found
Score Distribution
Percent of People with Each Score
Percentile by Number Answered
Your Score History
You have not taken this quiz